Stone Fox / (Record no. 8198)

MARC details
000 -LEADER
fixed length control field 01255pam a2200397 i 4500
001 - CONTROL NUMBER
control field 8198
003 - CONTROL NUMBER IDENTIFIER
control field FISKH
005 - DATE AND TIME OF LATEST TRANSACTION
control field 20250902084510.0
008 - FIXED-LENGTH DATA ELEMENTS--GENERAL INFORMATION
fixed length control field 790801s1980 nyua j 000 1 eng
010 ## - LIBRARY OF CONGRESS CONTROL NUMBER
LC control number 79007895
020 ## - INTERNATIONAL STANDARD BOOK NUMBER
International Standard Book Number 0690039832 :
Terms of availability $6.95
020 ## - INTERNATIONAL STANDARD BOOK NUMBER
International Standard Book Number 0690039840 (lib. bdg.) :
020 ## - INTERNATIONAL STANDARD BOOK NUMBER
International Standard Book Number 9780440841036
020 ## - INTERNATIONAL STANDARD BOOK NUMBER
International Standard Book Number 9780690039832
020 ## - INTERNATIONAL STANDARD BOOK NUMBER
International Standard Book Number 9780690039849
040 ## - CATALOGING SOURCE
Original cataloging agency DLC
Transcribing agency DLC
Modifying agency DLC
Language of cataloging eng
050 00 - LIBRARY OF CONGRESS CALL NUMBER
Classification number PZ7.G174
Item number St 1980
082 ## - DEWEY DECIMAL CLASSIFICATION NUMBER
Classification number 813.54
100 1# - MAIN ENTRY--PERSONAL NAME
Personal name Gardiner, John Reynolds.
245 10 - TITLE STATEMENT
Title Stone Fox /
Statement of responsibility, etc. by John Reynolds Gardiner ; illustrated by Marcia Sewall.
250 ## - EDITION STATEMENT
Edition statement This edition published in 1989
260 ## - PUBLICATION, DISTRIBUTION, ETC.
Place of publication, distribution, etc. New York :
Name of publisher, distributor, etc. Crowell,
Date of publication, distribution, etc. 1980.
300 ## - PHYSICAL DESCRIPTION
Extent 85 pages :
Other physical details illustrations ;
Dimensions 18 cm
336 ## - CONTENT TYPE
Content type term text
Content type code txt
Source rdacontent
337 ## - MEDIA TYPE
Media type term unmediated
Media type code n
Source rdamedia
338 ## - CARRIER TYPE
Carrier type term volume
Carrier type code nc
Source rdacarrier
505 ## - FORMATTED CONTENTS NOTE
Formatted contents note P<br/>
520 ## - SUMMARY, ETC.
Summary, etc. Little Willie hopes to pay the back taxes on his grandfather's farm with the purse from a dog sled race he enters.
521 8# - TARGET AUDIENCE NOTE
Target audience note 610<br/>
Source Lexile<br/>
521 8# - TARGET AUDIENCE NOTE
Target audience note P<br/>
Source Raz-Plus<br/>
650 #1 - SUBJECT ADDED ENTRY--TOPICAL TERM
Topical term or geographic name entry element Sled dog racing
General subdivision Fiction.
700 1# - ADDED ENTRY--PERSONAL NAME
Personal name Sewall, Marcia.
Relator term illustrator
906 ## - LOCAL DATA ELEMENT F, LDF (RLIN)
a 7
b cbc
c orignew
d 1
e ocip
f 19
g y-gencatlg
942 ## - ADDED ENTRY ELEMENTS (KOHA)
Source of classification or shelving scheme Dewey Decimal Classification
Koha item type Books
Suppress in OPAC No
Holdings
Withdrawn status Lost status Source of classification or shelving scheme Damaged status Not for loan Collection Home library Current library Shelving location Date acquired Total Checkouts Full call number Barcode Date last seen Copy number Price effective from Koha item type
    Dewey Decimal Classification     Juvenile Fiction Footprints International School Library Network Toul Kork Campus Footprints International School Library Network Toul Kork Campus TK Primary Library Room(4th Floor), Bookcase 3&4, Shelves 17-32, Yellow Books 09/02/2025   GAR 813.54 PZ7.G174 S FISTKG5B018 09/02/2025 1 09/02/2025 Books